000 00317nam a22001457a 4500
008 210305b ||||| |||| 00| 0 eng d
020 _a0721661831
041 _aeng
080 _a610.73
082 _a610.73
100 _a1
101 _aINF
245 _aGerontological Nursing
_cMatteson, M.A
942 _2udc
_cBK
999 _c55821
_d55821